000 00650nam a2200193Ia 4500
008 090124s9999 xx 000 0 und d
082 _b27510
_a6984
100 _aगार्डनर अर्ल स्टॅनले
245 _a अखेर काय झाले ?
250 _a1
260 _c1994
300 _a144
600 _aगार्डनर अर्ल स्टॅनले
630 _a अखेर काय झाले ?
700 _aगार्डनर अर्ल स्टॅनले
700 _aभावे अपर्णा
730 _a अखेर काय झाले ?
942 _cBOOK
999 _c140975
_d140975